Normal view
MARC view
- تأليف Bromberg,Murray ;م.مشارك Melvin Gordon
Entry Personal Name
001 - CONTROL NUMBER
- control field: 1898
003 - CONTROL NUMBER IDENTIFIER
- control field: JO-AjAnu
005 - DATE AND TIME OF LATEST TRANSACTION
- control field: 20230606070620.0
008 - FIXED-LENGTH DATA ELEMENTS
- fixed length control field: 230606|| aca||aabn | a|a d
040 ## - CATALOGING SOURCE
- Original cataloging agency: JO-AjAnu
- Transcribing agency: JO-AjAnu
100 ## - HEADING--PERSONAL NAME
- Personal name: تأليف Bromberg,Murray ;م.مشارك Melvin Gordon
670 ## - SOURCE DATA FOUND
- Source citation: Work cat.: (JO-AjAnu)999: تأليف Bromberg,Murray ;م.مشارك Melvin Gordon, author, 1100 WORDS You Need To Know